| 000 | 00445nam a2200169Ia 4500 | ||
|---|---|---|---|
| 008 | 210716s2004 xx 000 0 und d | ||
| 041 | _aeng | ||
| 082 | _a334.2 NAGN | ||
| 100 | _aNagarajan, N. | ||
| 245 |
_aIndian banking: managing transformation. _bManaging transformation. |
||
| 250 | _a1 | ||
| 260 |
_aHyderabad _bICFAI University Press _c2004 |
||
| 300 | _axxiv,213,A14 | ||
| 440 | _vI | ||
| 650 | _aBanking | ||
| 700 | _aNagarajan, N. | ||
| 999 |
_c202293 _d202293 |
||